Models of Regulation in Network Industries in Slovakia

Gespeichert in:
Bibliographische Detailangaben
1. Verfasser: Fendeková, Eleonora, 1952-
Weitere Verfasser: Fendek, Michal
Format: Buchkapitel
Sprache:Englisch
Schlagworte:
Tags: Tag hinzufügen
Keine Tags, Fügen Sie das erste Tag hinzu!

MARC

LEADER 00000naa$a2200000$$$4500
001 0081321
005 20240502083218.2
041 0 |a eng 
044 |a CH 
245 1 0 |a Models of Regulation in Network Industries in Slovakia  |c Eleonora Fendeková, Michal Fendek 
500 |a Abstrakt 
610 2 0 |a modely 
610 2 0 |a regulácia 
610 2 0 |a priemysel 
610 2 0 |a odvetvia sieťové 
610 2 0 |a Slovensko 
100 1 |a Fendeková, Eleonora, 1952- 
700 1 |a Fendek, Michal